Score 0/12 Timer 06:00
7 Plays Today
% Correct
Fusion
83.8%
Camry
78.7%
Passat
72.2%
Durango
67.3%
Malibu
65.1%
Wrangler
63.4%
Ridgeline
58.6%
Outback
56.3%
Pathfinder
49.1%
Regal
47.3%
Accent
45.7%
Sportage
45.2%

You're not logged in!

Compare scores with friends on all Sporcle quizzes.
OR
Log In

Sporcle TV

Today on Sporcle TV


Watch our educational content, quiz creation guides, and fun videos on Sporcle TV.

Show Comments

Extras

Top Quizzes Today


Score Distribution

Paid Content

Your Account Isn't Verified!

In order to create a playlist on Sporcle, you need to verify the email address you used during registration. Go to your Sporcle Settings to finish the process.

Report this User

Report this user for behavior that violates our Community Guidelines.

Details: